|
|
|
|
| LEADER |
00000nab a2200000uu 4500 |
| 001 |
vtls011154319 |
| 003 |
SK-MaSNL |
| 005 |
20260303151241.0 |
| 008 |
230222|2002 xo |||||||||||||||||eng| |
| 015 |
|
|
|a SNBRB
|
| 035 |
|
|
|a (urnnbn)urn:nbn:sk:snk:ar-a0a7pi
|
| 035 |
|
|
|a (uuid)d46b9c22-f577-4805-b5ef-de0d0d17c4e0
|
| 035 |
|
|
|a urn:nbn:sk:snk-abb334
|
| 040 |
|
|
|a SNKBUCL
|b slo
|c SNKBUCL
|e AACR2
|
| 041 |
0 |
|
|a eng
|
| 044 |
|
|
|a xo
|c SK
|
| 100 |
1 |
|
|a Ecker, A.
|4 aut
|9 1170560
|
| 245 |
1 |
0 |
|a A POSSIBLE CONCEPT FOR THE INVESTIGATION OF HYDROCARBON CONTAMINATED SITES
|c A. Ecker, W. Tüchler
|
| 700 |
1 |
|
|a Tüchler, W.
|4 aut
|9 1170571
|
| 773 |
0 |
|
|t Petroleum and coal : international journal for petroleum processing, petrochemistry and coal processing
|g Roč. 44, č. 3-4 (2002), s. [136]-140
|
| 958 |
|
|
|a OND
|
| 958 |
|
|
|a EUIPO
|
| 958 |
|
|
|a article14
|
| 999 |
|
|
|c 2016755
|d 2018685
|